Piłkarz, siatkarz, koszykarz czy skoczek narciarski? #2 - Statystyki

Ogólne statystyki
  • Ten quiz został rozwiązany 49 razy
  • Średni wynik to 14 z 15
Statystyki odpowiedzi
Zagadnienie Odpowiedź % Poprawnych
Który sport uprawia Kylian Mbappe? Piłka nożna
100%
Który sport uprawia Vinicius Junior? Piłka nożna
100%
Który sport uprawia Grzegorz Krychowiak? Piłka nożna
100%
Który sport uprawia Wilfredo León? Siatkówka
100%
Który sport uprawia Kamil Grosicki? Piłka nożna
98%
Który sport uprawia Ryōyū Kobayashi? Skoki narciarskie
98%
Który sport uprawia Karol Kłos? Siatkówka
94%
Który sport uprawia Joel Embiid? Koszykówka
91%
Który sport uprawiał Thomas Morgenstern? Skoki narciarskie
91%
Który sport uprawia Daniel Tschofenig? Skoki narciarskie
89%
Który sport uprawiał Peter Prevc? Skoki narciarskie
89%
Który sport uprawia Anthony Edwards? Koszykówka
85%
Który sport uprawia Trent Alexander-Arnold? Piłka nożna
85%
Który sport uprawia Victor Wembanyama? Koszykówka
81%
Który sport uprawia Earvin N'Gapeth? Siatkówka
68%
Nie znaleziono quizów pasujących do podanych kryteriów
Rozkład punktacji
Procent ludzi z każdym wynikiem
Percentyl według liczby udzielonych odpowiedzi
Twoja historia wyników
Nie rozwiązałeś tego quizu